| 000 | 00580cad a22002175a 4500 | ||
|---|---|---|---|
| 001 | L159773 | ||
| 008 | 150226s2016 xxk f 000 0 eng d | ||
| 035 | _a(Sirsi) u159773 | ||
| 041 | 0 | _aeng | |
| 100 | 1 |
_aHooper, Brendon _96168 |
|
| 245 | 0 | 0 | _aAre you experienced |
| 260 | _c2016 | ||
| 490 |
_aModus _vApril 2016, 30-32 (3) |
||
| 520 | _aLooks at the benefits of being an APC assessor. | ||
| 590 | _aKA | ||
| 650 | 2 | 4 | _aVOLUNTARY WORK |
| 650 | 2 | 4 |
_aAPC _96216 |
| 651 | 4 |
_aUnited Kingdom _y |
|
| 690 | _aMANAGEMENT-BUSINESS MANAGEMENT-PROFESSIONAL PRACTICE | ||
| 942 | _n0 | ||
| 999 |
_c84978 _d84978 |
||